000 00534nam a2200205 a 4500
999 _c514
_d514
008 190909r19932012ii ||||gr|||| 00| 1 eng d
020 _a9788172234980
_cRs. 299.00
040 _aKO
_beng
041 0 _aeng
044 _aii
082 0 4 _223
_a869.3
_bC6506
100 1 _aCoelho, Paulo
245 1 0 _aThe Alchemist /
_cPaulo Coelho
260 _aNoida :
_bHarperCollins Publishers,
_c1993, reprint 2012
300 _axiv, 161 p. ;
_c19.5 cm.
650 0 _aEnglish Fiction
650 0 _aEnglish philosophy
942 _cBK